000 02011nam a22003857a 4500
001 18087774
003 OSt
005 20210420051024.0
008 140331s2015 mauab b 001 0 eng
010 _a 2014010924
020 _a9780205996124 (combined volume)
020 _a0205996124 (combined volume)
040 _aDLC
_beng
_cDLC
_erda
_dDLC
041 _aeng
042 _apcc
050 0 0 _aD20
_b.S77 2015
080 _a94
_bS-78
082 0 0 _a909
_223
100 1 _aSpodek, Howard,
_d1941-
245 1 4 _aThe world's history / Volume 1 Prehistory to 1500
_cHoward Spodek.
250 _aFifth edition.
264 1 _aBoston :
_bPearson,
_c2015.
300 _a460 p.
_billustrations, maps
_c29 cm
336 _atext
_2rdacontent
337 _aunmediated
_2rdamedia
338 _avolume
_2rdacarrier
504 _aIncludes bibliographical references (pages 893-894) and index.
505 0 _aThe dry bones speak -- From village community to city-state -- River valley civilizations -- A polycentric world -- Dawn of the empires -- Rome and the barbarians -- China -- Indian empires -- Hinduism and Buddhism -- Judaism and Christianity -- Islam -- Establishing world trade routes -- The opening of the Atlantic and the Pacific -- The unification of world trade -- Migration -- Political revolutions in Europe and the Americas -- The Industrial Revolution -- Nationalism, imperialism, and resistance -- Methods of mass production and destruction -- World War II -- Cold war, new nations, and revolt against authority -- China and India -- Contemporary history : evolution, settlements, politics, and religion -- Contemporary history : trade, revolution, technology, identity.
650 0 _aWorld history.
653 _aისტორია
653 _aმსოფლიო ისტორია
906 _a7
_bcbc
_corignew
_d1
_eecip
_f20
_gy-gencatlg
942 _2udc
_cBK
_e5
999 _c416
_d416